| 000 | 01137nam a2200229Ia 4500 | ||
|---|---|---|---|
| 999 |
_c38281 _d38281 |
||
| 001 | 4289 | ||
| 003 | GE_BSU | ||
| 005 | 20191008125349.0 | ||
| 008 | 181216s1982||||ge |||||||||||||| ||geo|| | ||
| 040 | _cGE_BSU | ||
| 041 | _ageo | ||
| 080 | _a392(479.223)+ 728.6(479.223) +728.9(479.22) მ–74 | ||
| 100 |
_aმიქელაძე, ჯემალ _94616 |
||
| 245 |
_aსაცხოვრებელი და სამეურნეო ნაგებობანი აჭარაში : _bეთნოგრაფიული თვალსაზრისით / _cრედ.: ალ. რობაქიძე. |
||
| 264 |
_a ბათუმი : _bსაბჭ. აჭარა, _c1982. |
||
| 300 |
_a74 გვ.: _bილ. ; _c22 სმ. |
||
| 653 | _aსაცხოვრებელი ნაგებობები აჭარაში; | ||
| 653 | _aსამეურნეო ნაგებობები აჭარაში; | ||
| 653 | _aაჭარლების ეთნოგრაფია; | ||
| 700 |
_aრობაქიძე, ალ. _eრედაქტორი _94617 |
||
| 942 |
_cBK _2udc |
||